Normal view
MARC view
- Volution
Entry Topical Term
001 - CONTROL NUMBER
- control field: 108635
003 - CONTROL NUMBER IDENTIFIER
- control field: NUST
005 - DATE AND TIME OF LATEST TRANSACTION
- control field: 20230204141458.0
008 - FIXED-LENGTH DATA ELEMENTS
- fixed length control field: 230204|| aca||aabn | a|a d
040 ## - CATALOGING SOURCE
- Original cataloging agency: NUST
- Transcribing agency: NUST
150 ## - HEADING--TOPICAL TERM
- Topical term or geographic name entry element: Volution
670 ## - SOURCE DATA FOUND
- Source citation: Work cat.: (NUST)187242: Plisnier, Charles 108634, Memoirs of A Secret Revolutionary /
